000 00503nam a2200181Ia 4500
003 IN-BaIIA
008 211028s9999 xx 000 0 eng d
020 _a978 0486 238 93 7
040 _cIIA Library
080 _a520.2
_bKIN
100 _aKing, Henry C
_93061
245 4 _aThe history of the telescope
_cHenry C. King
260 _aLondon
_bCharles Griffin
_c1955
300 _axvi, 456p.
650 _aAstronomical telescopes
_92016
650 _aAstronomy and astrophysics thesaurus
942 _cBK
999 _c1514
_d1514